Konečná stanice Islámský stát? selhání státu a náboženská válka v arabském světe
Saved in:
| Main Author: | |
|---|---|
| Format: | Book |
| Language: | Czech |
| Published: |
Praha
Academia
2016
|
| Series: | 21. století
sv. 40 |
| Subjects: | |
| Tags: |
No Tags, Be the first to tag this record!
|
MARC
| LEADER | 00000nam a2200000 4500 | ||
|---|---|---|---|
| 001 | 0222872 | ||
| 005 | 20231215114556.4 | ||
| 020 | |a 978-80-200-2607-1 | ||
| 041 | 0 | |a cze | |
| 044 | |a CZ | ||
| 245 | 1 | 0 | |a Konečná stanice Islámský stát? |b selhání státu a náboženská válka v arabském světe |c Hermann Rainer |
| 264 | 1 | |a Praha |b Academia |c 2016 | |
| 300 | |a 115 s. | ||
| 490 | 1 | |a 21. století |v sv. 40 | |
| 830 | 0 | |a 21. století |v sv. 40 | |
| 610 | 2 | 0 | |a konflikty medzinárodné |
| 610 | 2 | 0 | |a konflikty náboženské |
| 610 | 2 | 0 | |a terorizmus |
| 610 | 2 | 0 | |a islam |
| 610 | 2 | 0 | |a politika |
| 610 | 2 | 0 | |a politika vnútorná |
| 610 | 2 | 0 | |a fundamentalizmus |
| 610 | 2 | 0 | |a Arabi |
| 610 | 2 | 0 | |a Arabské štáty |
| 610 | 2 | 0 | |a diktatúra |
| 610 | 2 | 0 | |a vojny |
| 610 | 2 | 0 | |a revolúcia |
| 610 | 2 | 0 | |a Egypt |
| 610 | 2 | 0 | |a Sýria |
| 610 | 2 | 0 | |a Irak |
| 610 | 2 | 0 | |a Blízky východ |
| 100 | 1 | |a Rainer, Hermann | |